Wordt geladen...
Electrical noise
| Hoofdauteur: | |
|---|---|
| Formaat: | Printed Book |
| Gepubliceerd in: |
Mcgraw Hill Book Co., New York
1960
|
| Onderwerpen: |
| LEADER | 00486nam a2200193 4500 | ||
|---|---|---|---|
| 020 | |||
| 082 | |a 621.3815 BEN-E | ||
| 100 | |a Bennett, William R | ||
| 245 | |a Electrical noise | ||
| 250 | |||
| 260 | |a Mcgraw Hill Book Co., New York |c 1960 | ||
| 300 | |a 280 | ||
| 490 | |||
| 500 | |||
| 590 | |a VMV | ||
| 650 | |a Electric noise | ||
| 942 | |c BK | ||
| 999 | |c 78949 |d 78949 | ||
| 952 | |0 0 |1 0 |4 0 |6 621_381500000000000_BENE |7 0 |9 92417 |a PHY |b PHY |l 0 |o 621.3815 BEN-E |p PHY00630 |r 2019-09-24 |w 2019-09-24 |y BK | ||